Central Library OPAC University of Rajshahi
Normal view MARC view

Entry Personal Name

Number of records used in: 3

001 - CONTROL NUMBER

  • control field: 6105

003 - CONTROL NUMBER IDENTIFIER

  • control field: BD-RjUL

005 - DATE AND TIME OF LATEST TRANSACTION

  • control field: 20221201122809.0

008 - FIXED-LENGTH DATA ELEMENTS

  • fixed length control field: 221201|| aca||aabn | a|a d

040 ## - CATALOGING SOURCE

  • Original cataloging agency: BD-RjUL
  • Transcribing agency: BD-RjUL

100 ## - HEADING--PERSONAL NAME

  • Personal name: ʻAbd al-Rāziq, Aḥmad Muḥammad Jād

670 ## - SOURCE DATA FOUND

  • Source citation: Work cat.: (BD-RjUL)80872: ʻAbd al-Rāziq, Aḥmad Muḥammad Jād., Falsafat al-mashrūʻ al-ḥaḍārī :, 1995.